Rathore IAS Mains Public Administration(Optional) / (Record no. 101374)

MARC details
000 -LEADER
fixed length control field 00641nam a22001937a 4500
005 - DATE AND TIME OF LATEST TRANSACTION
control field 20181213104552.0
010 ## - LCCN (DPL NO)
LC control number ENG-115462
020 ## - INTERNATIONAL STANDARD BOOK NUMBER
International Standard Book Number 9789385493447
Terms of availability 150.00
035 ## - SYSTEM CONTROL NUMBER
System control number EN-98994
037 ## - SOURCE OF ACQUISITION
Source of stock number/acquisition DBAD/PUB
082 ## - DEWEY DECIMAL CLASSIFICATION NUMBER
Classification number 350
245 ## - TITLE STATEMENT
Title Rathore IAS Mains Public Administration(Optional) /
Statement of responsibility, etc edited by Kunwar Ishwar Singh Rathore
250 ## - EDITION STATEMENT
Edition statement ed. 2016
260 ## - PUBLICATION, DISTRIBUTION, ETC. (IMPRINT)
Place of publication, distribution, etc New Delhi
Name of publisher, distributor, etc Rathore Publishers & Distributors
Date of publication, distribution, etc 2016
270 ## - ADDRESS
Address 202, 2nd Floor 4832/24 Ansari Road,Daryaganj
City New Delhi
Postal code 110002
300 ## - PHYSICAL DESCRIPTION
Extent Various pages
Dimensions 24cm(pbk)
700 ## - ADDED ENTRY--PERSONAL NAME
Personal name Rathore,Kunwar Ishwar Singh
942 ## - ADDED ENTRY ELEMENTS (KOHA)
Source of classification or shelving scheme Dewey Decimal Classification
Item type English Books
Classification part 350
Call number suffix RAT
Holdings
Withdrawn status Lost status Not for loan Collection code Home library Current library Date acquired Source of acquisition Cost, normal purchase price Full call number Barcode Copy number Cost, replacement price Koha item type
    Not For Loan Non-fiction D.B.Act.Division Bawana 19/07/2016 DBAD/PUB 150.00 350 RAT EN-98994 1 150.00 English Books

© Delhi Public Library
Hit Counter
free hit counter